Online
Catalog

Generalidades sobre política de educación rural en la República Dominicana : (Record no. 16556)

MARC details
000 -CABECERA
campo de control de longitud fija 00842nam a2200181 a 4500
001 - NÚMERO DE CONTROL
campo de control 000017030
005 - FECHA Y HORA DE LA ÚLTIMA TRANSACCIÓN
campo de control 20200929165016.0
008 - DATOS DE LONGITUD FIJA--INFORMACIÓN GENERAL
campo de control de longitud fija 100316s1986 dr r 000 0 spa d
040 ## - FUENTE DE LA CATALOGACIÓN
Centro catalogador/agencia de origen DO-SdBNP
Lengua de catalogación spa
Centro/agencia transcriptor BNPHU
082 ## - NÚMERO DE LA CLASIFICACIÓN DECIMAL DEWEY
Número de clasificación xxxx
Número de documento/Ítem xxxx
111 2# - ENTRADA PRINCIPAL--NOMBRE DE CONGRESO/REUNIÓN
Nombre de congreso/reunión o jurisdicción como elemento de entrada Significado y naturaleza de la educación rural. Consideraciones sobre su problemática lineamientos generales. Estrategia de acción /
Fecha del congreso/reunión (1984 abr. 28 :
Sede del congreso/Lugar de la reunión Santo Domingo)
9 (RLIN) 37586
245 10 - MENCIÓN DE TÍTULO
Título Generalidades sobre política de educación rural en la República Dominicana :
Resto del título documento básico para estudio y discusión /
Mención de responsabilidad, etc. Jaime A. Viñas Román.
260 ## - PUBLICACIÓN, DISTRIBUCIÓN, ETC.
Lugar de publicación, distribución, etc. Santo Domingo :
Nombre del editor, distribuidor, etc. Taller,
-- FUNDEJUR,
Fecha de publicación, distribución, etc. 1986.
300 ## - DESCRIPCIÓN FÍSICA
Extensión 21 p. ;
Dimensiones 20 cm.
504 ## - NOTA DE BIBLIOGRAFÍA, ETC.
Nota de bibliografía, etc. Bibliografía : p. 21
700 1# - PUNTO DE ACCESO ADICIONAL--NOMBRE DE PERSONA
Nombre de persona Viñas Román, Jaime A.
9 (RLIN) 23796
710 2# - PUNTO DE ACCESO ADICIONAL--NOMBRE DE ENTIDAD CORPORATIVA
Nombre de entidad corporativa o nombre de jurisdicción como elemento de entrada Fundación Nacional para el Desarrollo de la Juventud Rural
9 (RLIN) 37587
Holdings
Estado de retiro Estado de pérdida No para préstamo Código de colección Localización permanente Ubicación/localización actual Ubicación en estantería Fecha de adquisición Número de inventario Total de préstamos Signatura topográfica completa Código de barras Fecha visto por última vez Número de copia Precio válido a partir de Tipo de ítem Koha
      Patrimonio Dominicano General General Orden iniciada 16.03.2010 LF1   xxxx xxxx 17031-10 25.06.2020   25.06.2020 Libro y Folleto Colección Patrimonio Dominicano
    Excluido de préstamo Patrimonio Dominicano Patrimonio Dominicano Patrimonio Dominicano Depósito 16.03.2010 LF1   xxxx xxxx 17030-10 25.06.2020 e.2 25.06.2020 Libro y Folleto Colección Patrimonio Dominicano
    Excluido de préstamo Patrimonio Dominicano Patrimonio Dominicano Patrimonio Dominicano Depósito 16.03.2010 LF1   xxxx xxxx 17030-20 25.06.2020   25.06.2020 Libro y Folleto Colección Patrimonio Dominicano

Powered by Koha